Les grands magasins-MCO - Statistiques

Statistiques générales
  • Ce quiz a été pris 18 fois
  • Le résultat moyen est 5 sur 15
Statistiques - réponses
Question Réponse % Correct
Quel est le premier grand magasin inauguré à Paris en 1852 ? Le bon marché
100%
Dans quels pays étranger le Printemps a ouvert son premier grand magasin ? Qatar
100%
Quel est le nombre de visite par an des Galeries Lafayette ? 60 millions
50%
Combien de magasins Citadium y'a t-il en France ? 9
50%
Quel livre de Emile Zola parle des grands magasins ? Au bonheur des dames
50%
Qui possédait BHV avant le rachat récent ? Galeries Lafayette
50%
Dans quel pays est prévu la prochaine implantation des galeries Lafayette Inde
50%
Quel grand magasin est resté fermé pendant 16 ans et a rouvert en 2021 ? La samaritaine
50%
Quelle est la date de création des Galeries La Fayette, Paris 9eme arrondissement ? 1912
0%
En 2019 BHV a réalisé le plus gros chiffre d'affaires parmi les grands magasins en France. A quelle valeur s'élève t-il ? 300 millions d'€
0%
Combien d'étages le Citadium caumartin de Paris compte t-il ? 4
0%
Quelle est la superficie Du Printemps à Paris sur le boulevard Haussmann ? (en mètre carré) 44 000
0%
Compléter le slogan suivant «  on trouve tout… A la samaritaine
0%
Qui est le fondateur du bon marché Aristide Boucicaut
0%
Avec 198 500 mètres carré de superficie, le Macy's Herald Square est le plus grand magasin du monde, dans quelle ville se trouve t-il ? New York
0%
Aucun quiz correspondant
Distribution des résultats
% des personnes avec chaque résultat
Percentile par nombre de réponses
Votre historique - résultats
Vous n’avez pas pris ce quiz